LEADER 00860nam a2200217 i 4500 001 000000145140 003 CaOOAMICUS 005 20051117000000.0 008 051117n it u000 u ita u 013 $a120532 040 $aSeMil$bita 100 1 $aPetruzzellis, Nicola.$0(OLS)http://semarc/name/29570 245 12$aI problemi della pedagogia come scienza filosofica /$cNicola Petruzzellis. 250 $a5. ed. 260 $aNapoli :$bLibreria scientifica,$c[1961] 300 $a425 p. ;$c25 cm. 650 4$aPedagogia e filosofia.$0(OLS)http://semarc/subject/3656 850 $aSeMil 852 $aSeMil$W1$xVenegono$y1$m2R V 148$j97960$B97960$CSeMilBibl$Z2$F105834 $81 996 $6245$aI problemi della pedagogia come scienza filosofica$9(OLS)http://semarc/title/212300 996 $6260$aNapoli :$bLibreria scientifica$9(OLS)http://semarc/publisher/33667 LEADER 00890nam a2200217 i 4500 001 000000107205 003 CaOOAMICUS 005 20101118000000.0 008 101118s1966 it u000 u ita u 013 $a79427 040 $aSeMil$bita 100 1 $aBevilacqua, Giulio .$0(OLS)http://semarc/name/18290 245 10$aCristo contemporaneo /$cGiulio Bevilacqua ; con un ricordo del cardinale Bevilacqua di Jean Guitton. 260 $aVicenza :$bLa Locusta,$cstampa 1966. 300 $a113 p. ;$c18 cm. 700 1 $aGuitton, Jean,$d<1901-1999>.$0(OLS)http://semarc/name/848 850 $aSeMil 852 $aSeMil$W1$xVenegono$y1$m3F I 628$j63301$B63301$CSeMilBibl$Z2$F158586 $81 961 $aLascito: Calcaterra don Carlo 996 $6245$aCristo contemporaneo$9(OLS)http://semarc/title/155508 996 $6260$aVicenza :$bLa Locusta$9(OLS)http://semarc/publisher/31451